Islamic background of modern science and culture / (Record no. 20833)

MARC details
000 -LEADER
fixed length control field 00757cam a2200253 i 4500
001 - CONTROL NUMBER
control field 3697514
003 - CONTROL NUMBER IDENTIFIER
control field BDDh-ASL
005 - DATE AND TIME OF LATEST TRANSACTION
control field 20231015025936.0
008 - FIXED-LENGTH DATA ELEMENTS--GENERAL INFORMATION
fixed length control field 800124s1977 pk 000 0 eng
010 ## - LIBRARY OF CONGRESS CONTROL NUMBER
LC control number 78931270
020 ## - INTERNATIONAL STANDARD BOOK NUMBER
Terms of availability Rs12.00
040 ## - CATALOGING SOURCE
Original cataloging agency DLC
Transcribing agency DLC
Modifying agency DLC
-- BDDh-ASL
050 00 - LIBRARY OF CONGRESS CALL NUMBER
Classification number BP170
Item number .W34
082 00 - DEWEY DECIMAL CLASSIFICATION NUMBER
Classification number 909.26
Item number WAI
100 1# - MAIN ENTRY--PERSONAL NAME
Personal name Waheed, K. Abdul.
245 10 - TITLE STATEMENT
Title Islamic background of modern science and culture /
Statement of responsibility, etc. by Kh. A. Waheed.
250 ## - EDITION STATEMENT
Edition statement 1st ed.
260 ## - PUBLICATION, DISTRIBUTION, ETC.
Place of publication, distribution, etc. Karachi :
Name of publisher, distributor, etc. National Book Foundation,
Date of publication, distribution, etc. [pref. 1977]
300 ## - PHYSICAL DESCRIPTION
Extent vii, 122 p. ;
Dimensions 22 cm.
650 #0 - SUBJECT ADDED ENTRY--TOPICAL TERM
Topical term or geographic name entry element Islam
General subdivision Apologetic works.
650 #0 - SUBJECT ADDED ENTRY--TOPICAL TERM
Topical term or geographic name entry element Civilization, Western
General subdivision Islamic influences.
906 ## - LOCAL DATA ELEMENT F, LDF (RLIN)
a 7
b cbc
c orignew
d 4
e ncip
f 19
g y-gencatlg
942 ## - ADDED ENTRY ELEMENTS (KOHA)
Source of classification or shelving scheme Dewey Decimal Classification
Koha item type Books
Holdings
Withdrawn status Lost status Source of classification or shelving scheme Damaged status Not for loan Collection code Home library Current library Shelving location Date acquired Source of acquisition Total Checkouts Full call number Barcode Date last seen Copy number Price effective from Koha item type
    Dewey Decimal Classification     Non-fiction Asiatic Society Library Asiatic Society Library General Stacks 01/14/2021 Donated by Prof. Husniara Huq   909.26 WAI 104338 01/14/2021 C-1 01/14/2021 Books

Powered by Koha